|
|
|
|
| LEADER |
00000naa0a2200000 4500 |
| 001 |
600722 |
| 005 |
20250205140232.0 |
| 035 |
|
|
|a (RuTPU)RU\TPU\tpu\25260
|
| 035 |
|
|
|a RU\TPU\tpu\24849
|
| 090 |
|
|
|a 600722
|
| 100 |
|
|
|a 20140603d2013 k||y0rusy50 ca
|
| 101 |
0 |
|
|a rus
|
| 102 |
|
|
|a RU
|
| 200 |
1 |
|
|a Оценка процесса эволюции фронта лесного пожара
|f С. С. Бондарчук, Б. В. Борисов, Г. В. Кузнецов
|
| 333 |
|
|
|a В фонде НТБ ТПУ отсутствует
|
| 461 |
|
|
|t Известия вузов. Физика
|f Министерство общего и профессионального образования Российской Федерации ; Томский Госуниверситет
|d 1958-
|
| 463 |
|
|
|t Т. 56, № 9/3
|v C. 135-137
|d 2013
|
| 610 |
1 |
|
|a труды учёных ТПУ
|
| 700 |
|
1 |
|a Бондарчук
|b С. С.
|
| 701 |
|
1 |
|a Борисов
|b Б. В.
|c специалист в области теплотехники
|c профессор Томского политехнического университета, доктор физико-математических наук
|f 1954-
|g Борис Владимирович
|3 (RuTPU)RU\TPU\pers\27008
|9 12593
|
| 701 |
|
1 |
|a Кузнецов
|b Г. В.
|c специалист в области теплоэнергетики
|c профессор Томского политехнического университета, доктор физико-математических наук
|f 1949-
|g Гений Владимирович
|3 (RuTPU)RU\TPU\pers\25528
|9 11458
|
| 801 |
|
1 |
|a RU
|b 63413507
|c 20121126
|
| 801 |
|
2 |
|a RU
|b 63413507
|c 20150326
|g RCR
|
| 942 |
|
|
|c CR
|